[Event "World Blitz 2025"]
[Site "Doha QAT"]
[Date "2025.12.29"]
[Round "10.100"]
[White "Wojtaszek, Radoslaw"]
[Black "Ibrahimli, Murad"]
[Result "1-0"]
[WhiteTitle "GM"]
[BlackTitle "IM"]
[WhiteElo "2667"]
[BlackElo "2438"]
[WhiteFideId "1118358"]
[BlackFideId "13410229"]
[EventDate "2025.12.29"]

1. d4 d5 2. c4 c6 3. Nf3 Nf6 4. Nc3 a6 5. a4 Bf5 6. Qb3 Ra7 7. Bf4 e6 8. e3 a5
9. Nh4 Be4 10. cxd5 exd5 11. f3 Bg6 12. Nxg6 hxg6 13. O-O-O Bb4 14. e4 dxe4 15.
fxe4 O-O 16. e5 Nd5 17. Nxd5 cxd5 18. Kb1 Nc6 19. h4 Qb6 20. Qe3 Ne7 21. g4 Raa8
22. h5 Rfc8 23. Bb5 Qe6 24. hxg6 Nxg6 25. Qh3 Kf8 26. Bg5 f6 27. exf6 gxf6 28.
Qh6+ Ke7 29. Qg7+ Kd6 30. Bxf6 Rg8 31. Be5+ Nxe5 32. dxe5+ Qxe5 33. Rh6+ 1-0

[Event "World Blitz 2025"]
[Site "Doha QAT"]
[Date "2025.12.29"]
[Round "10.101"]
[White "Morris, James"]
[Black "Amin, Bassem"]
[Result "1-0"]
[WhiteTitle "IM"]
[BlackTitle "GM"]
[WhiteElo "2422"]
[BlackElo "2626"]
[WhiteFideId "3205800"]
[BlackFideId "10601457"]
[EventDate "2025.12.29"]

1. e4 e5 2. Nf3 Nc6 3. g3 Nf6 4. d3 d5 5. exd5 Nxd5 6. Bg2 g6 7. Bg5 f6 8. Bd2
Bg7 9. Nc3 Be6 10. O-O O-O 11. Re1 Qd7 12. Ne4 b6 13. Nc3 Rad8 14. Nxd5 Bxd5 15.
Bc3 h6 16. Nh4 Bxg2 17. Nxg2 f5 18. Qe2 Kh7 19. Rad1 a5 20. a3 Rfe8 21. Qf3 Na7
22. b3 Nb5 23. Bb2 c5 24. Ne3 Nd4 25. Qg2 b5 26. Bc3 Qc7 27. a4 bxa4 28. bxa4 e4
29. Bxd4 cxd4 30. Nc4 Qc6 31. Ra1 Qc5 32. Rab1 Rb8 33. Qf1 Rb4 34. Rxb4 axb4 35.
a5 e3 36. Ra1 f4 37. Qe2 Qd5 38. f3 fxg3 39. hxg3 Rf8 40. Kg2 g5 41. g4 h5 42.
Rh1 h4 43. a6 Kg6 44. a7 Qa8 45. Ra1 Rf6 46. Ne5+ Kh7 47. Nd7 Rd6 48. Nc5 Rh6
49. Ne4 h3+ 50. Kh1 Kg6 51. Ra6+ Kf7 52. Nxg5+ Ke7 53. Ra1 h2 54. Ne4 Be5 55.
Qg2 Kd7 56. f4 1-0

[Event "World Blitz 2025"]
[Site "Doha QAT"]
[Date "2025.12.29"]
[Round "10.102"]
[White "Haug, Havard"]
[Black "Karthik, Venkataraman"]
[Result "0-1"]
[WhiteTitle "FM"]
[BlackTitle "GM"]
[WhiteElo "2416"]
[BlackElo "2589"]
[WhiteFideId "1547887"]
[BlackFideId "25006479"]
[EventDate "2025.12.29"]

1. d4 e6 2. Nf3 c5 3. c3 d5 4. Bf4 Nc6 5. e3 Bd6 6. dxc5 Bxc5 7. Nbd2 Nf6 8. Bd3
O-O 9. e4 h6 10. O-O b6 11. e5 Nd7 12. Nb3 f6 13. exf6 Qxf6 14. Bg3 Bb7 15. Bb5
Rae8 16. Qe2 e5 17. Rad1 e4 18. Nfd4 Nde5 19. Nxc6 Bxc6 20. Bxc6 Qxc6 21. Kh1
Nd3 22. Nc1 Nf4 23. Bxf4 Rxf4 24. Nb3 Ref8 25. f3 exf3 26. Rxf3 Rxf3 27. gxf3
Rf5 28. Nd4 Bxd4 29. Rxd4 Qf6 30. Kg2 Re5 31. Qf2 Qe6 32. Rd2 Qg6+ 33. Qg3 Rg5
34. a3 h5 35. Kf2 Rxg3 36. hxg3 Qf5 37. Kg2 g5 38. Re2 g4 39. fxg4 hxg4 40. Rf2
Qe4+ 0-1

[Event "World Blitz 2025"]
[Site "Doha QAT"]
[Date "2025.12.29"]
[Round "10.103"]
[White "Halkias, Stelios"]
[Black "Warmerdam, Max"]
[Result "0-1"]
[WhiteTitle "GM"]
[BlackTitle "GM"]
[WhiteElo "2503"]
[BlackElo "2573"]
[WhiteFideId "4201809"]
[BlackFideId "1048104"]
[EventDate "2025.12.29"]

1. Nf3 Nf6 2. c4 e6 3. g3 d5 4. d4 Bb4+ 5. Bd2 Be7 6. Bg2 O-O 7. Qc2 Nbd7 8. O-O
c6 9. b3 b6 10. Nc3 Ba6 11. e4 h6 12. Rfe1 Rc8 13. e5 Nh7 14. Bf1 Bb7 15. Bd3
Ng5 16. Nxg5 hxg5 17. cxd5 cxd5 18. Qd1 g6 19. Rc1 Kg7 20. Qg4 Rh8 21. Nb5 Ba6
22. Rxc8 Qxc8 23. Nxa7 Qa8 24. Bxa6 Qxa7 25. Bb5 Qxa2 26. Bxg5 Bxg5 27. Qxg5 Qa5
28. Rc1 Qxb5 29. Rc7 Ra8 30. Kg2 Ra1 31. Qe7 Qf1+ 32. Kf3 Qd3+ 33. Kg2 Qe4+ 34.
Kh3 Qf5+ 35. Kg2 Ra2 0-1

[Event "World Blitz 2025"]
[Site "Doha QAT"]
[Date "2025.12.29"]
[Round "10.104"]
[White "Rakotomaharo, Fy Antenaina"]
[Black "Kadric, Denis"]
[Result "1-0"]
[WhiteTitle "IM"]
[BlackTitle "GM"]
[WhiteElo "2434"]
[BlackElo "2543"]
[WhiteFideId "13100050"]
[BlackFideId "14403803"]
[EventDate "2025.12.29"]

1. e4 d6 2. d4 Nf6 3. Nc3 e5 4. dxe5 dxe5 5. Qxd8+ Kxd8 6. Bg5 c6 7. O-O-O+ Nd7
8. Nf3 Ke8 9. Bh4 Bb4 10. Bc4 b5 11. Bb3 Ba5 12. Rd6 Bb7 13. Rhd1 Rd8 14. Ng5
Bc7 15. Nxf7 Bxd6 16. Nxd6+ Ke7 17. Nxb7 Rb8 18. Nd6 g6 19. f4 Rhf8 20. g3 a5
21. a4 b4 22. Ne2 Rbd8 23. Nc4 h6 24. Nxa5 Rc8 25. Nc4 exf4 26. gxf4 g5 27. fxg5
Nxe4 28. gxh6+ Ndf6 29. Ne5 1-0

[Event "World Blitz 2025"]
[Site "Doha QAT"]
[Date "2025.12.29"]
[Round "10.105"]
[White "Nikitenko, Mihail"]
[Black "Akobian, Varuzhan"]
[Result "0-1"]
[WhiteTitle "GM"]
[BlackTitle "GM"]
[WhiteElo "2476"]
[BlackElo "2549"]
[WhiteFideId "13506862"]
[BlackFideId "13300580"]
[EventDate "2025.12.29"]

1. e3 d5 2. c4 e6 3. Nf3 Nf6 4. b3 Be7 5. Bb2 O-O 6. Qc2 c5 7. g4 Nc6 8. g5 Nd7
9. Rg1 b6 10. Nc3 d4 11. exd4 cxd4 12. Ne4 e5 13. a3 Nc5 14. Nxc5 bxc5 15. Bd3
g6 16. Be4 Bb7 17. h4 Qd6 18. O-O-O Rab8 19. Rg3 Na5 20. Nh2 Nxb3+ 21. Rxb3 Bxe4
22. d3 Bf5 23. f3 h6 24. Rxb8 Rxb8 25. Rg1 hxg5 26. hxg5 Kg7 27. Nf1 Qb6 28. Rg2
Qb3 29. Ng3 Bxg5+ 30. Kd1 Bxd3 31. Qxb3 Rxb3 32. Bc1 Rb1 33. Nh5+ Kh6 34. f4
gxh5 35. Rxg5 e4 36. Rxc5 e3 37. Re5 h4 38. f5 f6 39. Rd5 Kh5 40. Rxd4 e2+ 41.
Kd2 Rxc1 0-1

[Event "World Blitz 2025"]
[Site "Doha QAT"]
[Date "2025.12.29"]
[Round "10.106"]
[White "Davtyan, Artur"]
[Black "Dlugy, Maxim"]
[Result "1-0"]
[WhiteTitle "IM"]
[BlackTitle "GM"]
[WhiteElo "2474"]
[BlackElo "2502"]
[WhiteFideId "13308327"]
[BlackFideId "2000075"]
[EventDate "2025.12.29"]

1. e4 c5 2. Nc3 Nc6 3. Bb5 Nd4 4. Bc4 e6 5. Nge2 Nf6 6. O-O d6 7. d3 Be7 8. Nxd4
cxd4 9. Ne2 Qb6 10. a4 a5 11. c3 dxc3 12. bxc3 O-O 13. Be3 Qc7 14. Bd4 Nxe4 15.
Bxe6 Bxe6 16. dxe4 Bc4 17. Re1 Rfe8 18. Nf4 Bf8 19. Qf3 Re7 20. Nh5 Re6 21. Nf4
Rh6 22. Nd5 Bxd5 23. exd5 Rg6 24. Rab1 h6 25. Rb5 Qd7 26. Reb1 Re8 27. h3 Be7
28. Rxa5 Bf6 29. Rab5 Bxd4 30. Rxb7 Re1+ 31. Rxe1 Qxb7 32. cxd4 Rf6 33. Qd3 g6
34. Qb5 Qa7 35. Re8+ Kg7 36. Qb8 Qxb8 37. Rxb8 Rf5 38. Rb5 Rf4 39. Rb4 Rf5 40.
a5 Rxd5 41. Ra4 Rb5 42. a6 Rb8 43. a7 Ra8 44. Ra6 Kf8 45. Kf1 Ke7 46. Ke2 Kd7
47. Kd3 Kc7 48. Kc4 Kb7 49. Rxd6 Kxa7 50. Rd7+ Kb6 51. Rxf7 Ra2 52. Rf6+ Kc7 53.
Kd5 g5 54. g4 Kd7 55. Rxh6 Rxf2 56. Rh7+ Ke8 57. Rh5 Rf3 58. Ke6 Re3+ 59. Kf6
Rd3 60. Rh8+ Kd7 61. Kxg5 Rxd4 62. Rf8 Ke7 63. Rf5 Rd8 64. h4 Rg8+ 65. Kf4 Rb8
66. h5 Rb4+ 1-0

[Event "World Blitz 2025"]
[Site "Doha QAT"]
[Date "2025.12.29"]
[Round "10.107"]
[White "Yilmaz, Mustafa"]
[Black "Chanda, Sandipan"]
[Result "1-0"]
[WhiteTitle "GM"]
[BlackTitle "GM"]
[WhiteElo "2595"]
[BlackElo "2490"]
[WhiteFideId "6302718"]
[BlackFideId "5004225"]
[EventDate "2025.12.29"]

1. Nf3 f5 2. g3 g6 3. Bg2 Bg7 4. d4 Nf6 5. O-O O-O 6. b3 e6 7. Bb2 d5 8. Nbd2 a5
9. c4 c6 10. Ne5 b6 11. a4 Bb7 12. Ba3 Re8 13. Rc1 Nfd7 14. cxd5 exd5 15. Ndf3
Nxe5 16. Nxe5 Bf8 17. Bxf8 Rxf8 18. Qd2 Qd6 19. Qf4 Qe6 20. Qd2 Nd7 21. Nxd7
Qxd7 22. b4 axb4 23. Qxb4 Ra6 24. Rb1 Rfa8 25. e3 Rxa4 26. Qxb6 Ba6 27. Rfc1 Bc4
28. h4 h5 29. Rb2 Ra1 30. Rxa1 Rxa1+ 31. Kh2 Ra2 32. Qb8+ 1-0

[Event "World Blitz 2025"]
[Site "Doha QAT"]
[Date "2025.12.29"]
[Round "10.108"]
[White "Jumabayev, Rinat"]
[Black "Aditya, Mittal"]
[Result "1/2-1/2"]
[WhiteTitle "GM"]
[BlackTitle "GM"]
[WhiteElo "2560"]
[BlackElo "2624"]
[WhiteFideId "13702661"]
[BlackFideId "35042025"]
[EventDate "2025.12.29"]

1. Nf3 d5 2. b3 Nf6 3. Bb2 c5 4. e3 g6 5. c4 dxc4 6. Bxc4 Bg7 7. O-O O-O 8. Qe2
Nc6 9. Rd1 Bg4 10. h3 Bxf3 11. Qxf3 Qc7 12. Nc3 a6 13. Rac1 Rad8 14. Bf1 Qa5 15.
Na4 Nd7 16. Bxg7 Kxg7 17. Qe4 e6 18. Qc2 Rc8 19. a3 Rfd8 20. Qb2+ Kg8 21. Be2
Ne7 22. d4 c4 23. Nc3 cxb3 24. Qxb3 b5 25. Ne4 Nd5 26. Bf3 Kg7 27. Nd6 Rxc1 28.
Rxc1 Qb6 29. Ne4 a5 30. Nc5 Nxc5 31. Rxc5 b4 32. a4 Nc3 33. g3 h5 34. h4 Rd7 35.
Qc4 Nxa4 36. Rb5 Qd8 37. Rg5 Nc3 38. Bxh5 Rd5 39. Bf3 Rxg5 40. hxg5 Qxg5 41. e4
Qe7 42. e5 a4 43. d5 exd5 44. Bxd5 Nxd5 45. Qxd5 b3 46. Qd4 a3 47. e6+ Kg8 48.
exf7+ Qxf7 49. Qd8+ Kh7 50. Qh4+ Kg8 51. Qd8+ Kg7 52. Qd4+ Qf6 53. Qd7+ Kh6 54.
Qh3+ Kg7 55. Qd7+ Kf8 56. Qc8+ Kf7 57. Qb7+ Ke8 58. Qxb3 Qb2 59. Qe6+ Kf8 60.
Qd6+ Kf7 61. Qd7+ Kf6 62. Qd6+ Kf7 63. Qd7+ Kg8 64. Qe8+ Kg7 65. Qe7+ Kg8 66.
Qe8+ Kh7 67. Qe7+ Kg8 68. Qe8+ 1/2-1/2

[Event "World Blitz 2025"]
[Site "Doha QAT"]
[Date "2025.12.29"]
[Round "10.77"]
[White "Ansat, Aldiyar"]
[Black "Rami, Talab"]
[Result "1-0"]
[WhiteTitle "IM"]
[WhiteElo "2479"]
[BlackElo "2173"]
[WhiteFideId "13715658"]
[BlackFideId "7609787"]
[EventDate "2025.12.29"]

1. a3 e5 2. g3 Nf6 3. Bg2 g6 4. c4 Bg7 5. Nc3 O-O 6. d3 d6 7. Nf3 c6 8. O-O Re8
9. Bg5 h6 10. Bxf6 Bxf6 11. Nd2 Be6 12. b4 d5 13. cxd5 cxd5 14. Rc1 Nc6 15. Nb3
b6 16. e4 d4 17. Nd5 Rc8 18. Nxf6+ Qxf6 19. Nd2 Qe7 20. f4 a5 21. f5 Bd7 22. Nc4
axb4 23. Nxb6 Rb8 24. Nd5 Qd6 25. fxg6 fxg6 26. Nf6+ Kg7 27. Nxe8+ Bxe8 28. axb4
Nxb4 29. Qf3 Ra8 30. Bh3 Ra7 31. Rc8 Bf7 32. Ra8 Rb7 33. Rc1 Na2 34. Rf1 Nc3 35.
Rc8 Ra7 36. Ra8 Rb7 37. Bg2 Qe7 38. Qf2 Rb6 39. h4 h5 40. Bh3 Rb7 41. Ra6 Rb3
42. Rf6 Rb7 43. Qd2 Qc5 44. Qg5 Ne2+ 45. Kh2 Kh7 46. Rxf7+ Rxf7 47. Rxf7+ Kh8
48. Qh6+ 1-0

[Event "World Blitz 2025"]
[Site "Doha QAT"]
[Date "2025.12.29"]
[Round "10.78"]
[White "Sharan, Rao"]
[Black "Le, Tuan Minh"]
[Result "0-1"]
[WhiteTitle "IM"]
[BlackTitle "GM"]
[WhiteElo "2341"]
[BlackElo "2598"]
[WhiteFideId "5073464"]
[BlackFideId "12401153"]
[EventDate "2025.12.29"]

1. Nf3 d5 2. b3 Nf6 3. Bb2 Bg4 4. e3 e6 5. Be2 Nbd7 6. d4 Bd6 7. O-O O-O 8. c4
c6 9. Nc3 a5 10. Ne5 Bf5 11. Nxd7 Qxd7 12. Bd3 Bg6 13. Bxg6 hxg6 14. Qc2 Rfd8
15. e4 dxe4 16. Nxe4 Nxe4 17. Qxe4 Be7 18. Rfd1 Bf6 19. Rd3 a4 20. b4 b5 21. Rc1
Qe8 22. a3 Rd6 23. g3 Rad8 24. cxb5 cxb5 25. Rc7 Rd5 26. Rd2 Qf8 27. Rdc2 Bxd4
28. Bxd4 Rxd4 29. Qb7 Rd3 30. Rc8 Kh7 31. R8c7 Kg8 32. Rc8 Qe8 33. Rxd8 Rxd8 34.
Rc5 Kh7 35. Rxb5 Rd3 36. Rh5+ gxh5 37. Qe4+ f5 38. Qxd3 Qc6 39. b5 Qc1+ 40. Kg2
Qb2 41. h4 Qb3 42. Qd7 Kg6 43. Qb7 Qxa3 44. b6 Qb4 45. Qc8 Qxb6 46. Qe8+ Kh6 47.
Qxa4 Qb7+ 48. Kh2 Qb2 49. Kg2 Qb7+ 50. Kh2 Qf3 51. Qa2 Qe4 52. Qd2+ Kh7 53. Qg5
Qf3 54. Kg1 e5 55. Qe7 Qd1+ 56. Kg2 Qd5+ 57. Kg1 Qe4 58. Qe8 Qe1+ 59. Kg2 Qe2
60. Qe6 Qe4+ 61. Kg1 f4 62. Qe8 Qf5 63. Kg2 f3+ 64. Kh2 e4 65. Kg1 Kh6 66. Qh8+
Kg6 67. Qe8+ Kf6 68. Qd8+ Kf7 69. Qc7+ Kg6 70. Qc6+ Kh7 71. Qe8 Qd5 72. Kh2 Kh6
73. Qh8+ Kg6 74. Qe8+ Kf6 75. Qf8+ Ke6 76. Qg8+ Kd6 77. Qd8+ Kc5 78. Qc7+ Kd4
79. Qxg7+ Kd3 80. Qb2 Qc5 81. Qb3+ Ke2 82. Qb2+ Kd3 83. Qb1+ Qc2 84. Qb5+ Kd2
85. Qxh5 Ke2 86. Kh3 Qc8+ 87. g4 Kxf2 88. Qe5 Qc4 89. h5 e3 90. h6 Qf1+ 91. Kh4
Qh1+ 92. Kg5 e2 93. Qc5+ Kg2 94. Qc2 Qd1 95. Qa2 Qd8+ 96. Kg6 Qd6+ 97. Kg7 Qe7+
98. Kg8 f2 99. h7 f1=Q 100. Qd5+ Qf3 101. Qxf3+ Kxf3 102. h8=Q Qe8+ 103. Kg7
Qxh8+ 104. Kxh8 Kxg4 0-1

[Event "World Blitz 2025"]
[Site "Doha QAT"]
[Date "2025.12.29"]
[Round "10.79"]
[White "Tissir, Mohamed"]
[Black "Zhang, Zhong"]
[Result "0-1"]
[WhiteTitle "IM"]
[BlackTitle "GM"]
[WhiteElo "2293"]
[BlackElo "2561"]
[WhiteFideId "9000240"]
[BlackFideId "8600694"]
[EventDate "2025.12.29"]

1. e4 c6 2. d4 d5 3. Nc3 dxe4 4. Nxe4 Nf6 5. Nxf6+ exf6 6. c3 Bd6 7. Bd3 O-O 8.
Qc2 Re8+ 9. Ne2 h5 10. O-O Nd7 11. Ng3 Qc7 12. f4 h4 13. Nf5 Nf8 14. Nxh4 c5 15.
dxc5 Bxc5+ 16. Kh1 b6 17. Qd1 Rd8 18. Qe2 Bb7 19. Bc2 Qd7 20. b4 Re8 21. Qd3 Qg4
22. Nf3 Rad8 23. Qf5 Qxf5 24. Bxf5 Be3 25. Bxe3 Rxe3 26. Rac1 g6 27. Bb1 Ne6 28.
c4 Nxf4 29. c5 bxc5 30. bxc5 Bc6 31. Rf2 g5 32. Rcf1 Kg7 33. Bf5 Rd5 34. Bc2
Rxc5 35. Bb3 Rcc3 36. h3 Nxh3 37. Nd4 Nxf2+ 38. Rxf2 Rh3+ 39. Kg1 Rc1+ 40. Rf1
Rxf1+ 41. Kxf1 Rc3 42. Nf5+ Kf8 43. Nd6 Bd5 44. Bxd5 Rd3 45. Ne4 Rxd5 46. Nxf6
Rf5+ 0-1

[Event "World Blitz 2025"]
[Site "Doha QAT"]
[Date "2025.12.29"]
[Round "10.80"]
[White "Henriquez Villagra, Cristobal"]
[Black "Muntean, Victor"]
[Result "1-0"]
[WhiteTitle "GM"]
[WhiteElo "2598"]
[BlackElo "2169"]
[WhiteFideId "3409350"]
[BlackFideId "1054414"]
[EventDate "2025.12.29"]

1. e4 e5 2. d3 c6 3. Nf3 d5 4. exd5 Qxd5 5. Nc3 Qa5 6. Be2 Nf6 7. O-O Bf5 8. Re1
Nbd7 9. Bf1 O-O-O 10. a3 Qc7 11. b4 Nd5 12. Nxd5 cxd5 13. Bb2 f6 14. c4 d4 15.
c5 g5 16. Rc1 Nb8 17. Nd2 Be7 18. Ne4 Bxe4 19. dxe4 Nc6 20. Bc4 Kb8 21. Bd5 Rhf8
22. Qd3 f5 23. Bxc6 Qxc6 24. exf5 Bf6 25. b5 Qd5 26. c6 Rc8 27. a4 bxc6 28. bxc6
Rxc6 29. Rxc6 Qxc6 30. Rc1 Qb7 31. Rb1 Ka8 32. Ba3 Qd5 33. Bxf8 e4 34. Qc2 Qd7
35. Bd6 a6 36. Rb8+ 1-0

[Event "World Blitz 2025"]
[Site "Doha QAT"]
[Date "2025.12.29"]
[Round "10.81"]
[White "Assylov, Miras"]
[Black "Samadov, Read"]
[Result "0-1"]
[WhiteTitle "FM"]
[BlackTitle "IM"]
[WhiteElo "2393"]
[BlackElo "2510"]
[WhiteFideId "13728873"]
[BlackFideId "13417444"]
[EventDate "2025.12.29"]

1. e4 c5 2. Nf3 d6 3. d4 cxd4 4. Nxd4 Nf6 5. Nc3 a6 6. Be2 e5 7. Nb3 Be7 8. O-O
O-O 9. Re1 Be6 10. Bf3 Nbd7 11. a4 Rc8 12. Be3 Rc4 13. Nd2 Rc8 14. a5 Qc7 15.
Nf1 h6 16. h3 Rfd8 17. Ng3 Bf8 18. Qc1 Nc5 19. Rd1 Kh7 20. Nd5 Bxd5 21. exd5 g6
22. Ra3 Bg7 23. c4 e4 24. Be2 Re8 25. Bd4 Qe7 26. b4 Ncd7 27. Rc3 h5 28. Qc2 h4
29. Nf1 Ne5 30. Ne3 Kg8 31. c5 dxc5 32. bxc5 Red8 33. d6 Qe6 34. Nc4 Nc6 35. Be3
Nd5 36. Ra3 Nxe3 37. fxe3 Ne5 38. Nb6 Rc6 39. Qxe4 Rxc5 40. d7 Nc6 41. Qxe6 fxe6
42. Bc4 Kf7 43. Rf1+ Ke7 44. Rf4 Nxa5 45. Be2 Rc1+ 46. Kf2 Nc6 47. Rxh4 Kd6 48.
Rd3+ Kc7 49. Nc4 b5 50. Nd2 Ne5 51. Ra3 Kb6 52. Nf3 Rxd7 53. Nxe5 Bxe5 54. Rg4
Rf7+ 55. Bf3 Rc2+ 56. Ke1 Bd6 57. Rd3 Bc5 58. Rxg6 Re7 59. Bg4 b4 60. Bxe6 Ka7
61. h4 a5 62. Bb3 Rb2 63. Rg3 Kb6 64. Ba4 Ra2 65. Bb3 Ra1+ 66. Rd1 Rxd1+ 67.
Kxd1 Kb5 68. Rg8 Rxe3 69. Rb8+ Bb6 70. Kc2 Re2+ 71. Kd3 Rxg2 72. Bc4+ Kc6 73. h5
Rh2 74. Rh8 Rh3+ 75. Ke2 Bd4 76. Rh7 b3 77. h6 b2 78. Ba2 Rh1 79. Kd3 Be5 80.
Ra7 Kb6 81. Re7 Bf4 82. h7 Kc5 83. Ke4 Bd6 84. Rb7 a4 85. Bg8 a3 86. Rb3 Rh4+
87. Kf5 a2 88. Rc3+ Kb4 89. Rb3+ Ka4 90. Rxb2 a1=Q 91. Ra2+ Qxa2 92. Bxa2 Rxh7 0-1

[Event "World Blitz 2025"]
[Site "Doha QAT"]
[Date "2025.12.29"]
[Round "10.82"]
[White "Cunha, Lucas Aguiar"]
[Black "Kuandykuly, Danis"]
[Result "0-1"]
[WhiteTitle "FM"]
[BlackTitle "FM"]
[WhiteElo "2263"]
[BlackElo "2372"]
[WhiteFideId "2125404"]
[BlackFideId "13752260"]
[EventDate "2025.12.29"]

1. e4 e5 2. Nf3 Nc6 3. Nc3 Nf6 4. Bb5 Nd4 5. Ba4 Nxf3+ 6. Qxf3 c6 7. O-O d6 8.
h3 Be7 9. Rd1 g5 10. Qe2 g4 11. hxg4 Bxg4 12. f3 Qb6+ 13. Qf2 Be6 14. Bb3 Qc7
15. d4 exd4 16. Qxd4 Rg8 17. Bf4 O-O-O 18. Qxa7 Bh3 19. Rd2 Nh5 20. Be3 Bg5 21.
Bb6 Bxd2 22. Bxc7 Rxg2+ 23. Kf1 Ng3# 0-1

[Event "World Blitz 2025"]
[Site "Doha QAT"]
[Date "2025.12.29"]
[Round "10.83"]
[White "Ammar, Sedrani"]
[Black "Averin, Nikolay"]
[Result "1/2-1/2"]
[WhiteTitle "FM"]
[BlackTitle "FM"]
[WhiteElo "2203"]
[BlackElo "2389"]
[WhiteFideId "9312331"]
[BlackFideId "24250473"]
[EventDate "2025.12.29"]

1. d4 Nf6 2. Bg5 d5 3. e3 c5 4. c3 Nc6 5. Nf3 cxd4 6. exd4 h6 7. Bh4 Bg4 8. h3
Bxf3 9. Qxf3 e6 10. Nd2 Be7 11. Bd3 O-O 12. O-O Rb8 13. a4 a6 14. Qe2 Ne8 15.
Bg3 Bd6 16. f4 g6 17. Nf3 Ng7 18. Ne5 Ne7 19. Bh4 Qc7 20. g4 Rbe8 21. Rae1 Nc6
22. Bg3 Qd8 23. Qd2 Nxe5 24. fxe5 Be7 25. Bf4 Bg5 26. Kg2 Bxf4 27. Qxf4 Qg5 28.
Qg3 h5 29. Rf4 Re7 30. h4 Qh6 31. g5 Qh7 32. Rf6 Ne8 33. Rf4 Ng7 34. Rf6 Ne8 35.
Rf4 Ng7 36. Rf6 Ne8 1/2-1/2

[Event "World Blitz 2025"]
[Site "Doha QAT"]
[Date "2025.12.29"]
[Round "10.84"]
[White "Nainys, Zanas"]
[Black "Sklokin, Sergey"]
[Result "1-0"]
[BlackTitle "FM"]
[WhiteElo "2307"]
[BlackElo "2407"]
[WhiteFideId "12844098"]
[BlackFideId "55730230"]
[EventDate "2025.12.29"]

1. d4 d5 2. c4 e6 3. Nc3 Nf6 4. Nf3 Nbd7 5. e3 Be7 6. b3 O-O 7. Bb2 b6 8. Bd3
Bb7 9. O-O c5 10. Qe2 Re8 11. Rfd1 Qc7 12. Rac1 Rad8 13. cxd5 exd5 14. dxc5 bxc5
15. Nh4 Ne5 16. Bb1 Bf8 17. h3 d4 18. Na4 dxe3 19. fxe3 Ng6 20. Nf5 Ne4 21. Qg4
Rxd1+ 22. Rxd1 c4 23. Bd4 cxb3 24. axb3 Qc6 25. Bd3 Nf6 26. Qe2 Nf4 27. Qc2 Nxd3
28. Qxc6 Bxc6 29. Bxf6 gxf6 30. Rxd3 Be4 31. Nd6 Rd8 32. Rd4 Bc2 33. Nb5 Re8 34.
Nac3 Rxe3 35. Rg4+ Bg6 36. Nd5 Re6 37. Nd4 Bc5 38. b4 Bxd4+ 39. Rxd4 Rd6 40.
Ne7+ Kf8 41. Rxd6 Kxe7 42. Ra6 Kd7 43. Rxa7+ Kc6 44. Ra5 f5 45. Rc5+ Kb6 46. Kf2
f6 47. Ke3 1-0

[Event "World Blitz 2025"]
[Site "Doha QAT"]
[Date "2025.12.29"]
[Round "10.109"]
[White "Suleimen, Ergali"]
[Black "Ashwath Kaushik"]
[Result "1-0"]
[WhiteTitle "IM"]
[BlackTitle "FM"]
[WhiteElo "2419"]
[BlackElo "2345"]
[WhiteFideId "13724452"]
[BlackFideId "33387230"]
[EventDate "2025.12.29"]

1. e4 c5 2. Nf3 d6 3. d4 cxd4 4. Nxd4 Nf6 5. Nc3 a6 6. Bc4 e6 7. Bb3 b5 8. Bg5
Be7 9. Qf3 Qc7 10. O-O-O O-O 11. e5 Bb7 12. exf6 Bxf3 13. fxe7 Bxd1 14. Nxe6
Qxe7 15. Bxe7 Re8 16. Nc7 Rxe7 17. Nxa8 Bg4 18. f3 Bf5 19. Rd1 h6 20. Rxd6 Nd7
21. g4 Bh7 22. Nb6 Nf8 23. Rd8 b4 24. Ncd5 Rb7 25. Nc8 g5 26. Nd6 Ra7 27. Nf6+
Kg7 28. Nh5+ Kg8 29. Ne8 1-0

[Event "World Blitz 2025"]
[Site "Doha QAT"]
[Date "2025.12.29"]
[Round "10.110"]
[White "Sindarov, Islombek"]
[Black "Bai, Adelard"]
[Result "0-1"]
[WhiteTitle "CM"]
[BlackTitle "IM"]
[WhiteElo "2129"]
[BlackElo "2417"]
[WhiteFideId "14205475"]
[BlackFideId "16301188"]
[EventDate "2025.12.29"]

1. e4 c5 2. Nc3 Nc6 3. g3 g6 4. Bg2 Bg7 5. Nge2 d6 6. O-O Nf6 7. d3 O-O 8. h3 e5
9. Be3 Be6 10. Qd2 Qd7 11. Kh2 Nd4 12. Nc1 h5 13. Nd1 Bxh3 14. Bxd4 Bxg2 15.
Kxg2 cxd4 16. f4 d5 17. Nf2 Rae8 18. f5 Kh7 19. Qe2 Bh6 20. exd5 Nxd5 21. Ne4
gxf5 22. Qxh5 fxe4 23. Rh1 Qe6 24. dxe4 Ne3+ 25. Kf2 f5 26. Nb3 fxe4+ 27. Ke1
Nxc2+ 28. Kd1 Nxa1 29. g4 Qg6 30. Qh4 Kg7 31. Nxa1 d3 32. Nb3 e3 33. Nc5 e2+ 34.
Ke1 Rf1+ 35. Rxf1 exf1=Q+ 36. Kxf1 Qf6+ 0-1

[Event "World Blitz 2025"]
[Site "Doha QAT"]
[Date "2025.12.29"]
[Round "10.111"]
[White "George Samir, David"]
[Black "Altini, Nicola"]
[Result "0-1"]
[WhiteTitle "IM"]
[BlackTitle "IM"]
[WhiteElo "2343"]
[BlackElo "2360"]
[WhiteFideId "10657789"]
[BlackFideId "833924"]
[EventDate "2025.12.29"]

1. e4 c5 2. Nf3 g6 3. d4 cxd4 4. Nxd4 Nc6 5. Nc3 Bg7 6. Be3 Nf6 7. Nxc6 bxc6 8.
e5 Ng8 9. f4 f6 10. Bc4 fxe5 11. fxe5 Bxe5 12. O-O Nf6 13. Bd4 Bxd4+ 14. Qxd4
Qb6 15. Qxb6 axb6 16. Rae1 Kd8 17. Bb3 d5 18. h3 h5 19. Na4 Rb8 20. Re5 Bf5 21.
Nc3 e6 22. Ne2 c5 23. Nf4 Re8 24. Nxe6+ Rxe6 25. Rxe6 Bxe6 26. Rxf6 Ke7 27. Rxg6
c4 28. c3 cxb3 29. axb3 Ra8 30. Rg7+ Bf7 31. Rg5 Ra2 32. Re5+ Kd6 33. Re2 Bg6
34. b4 Be4 35. Kf2 h4 36. Ke3 Ra1 37. Rf2 Rg1 38. Rf6+ Ke5 39. Rxb6 Rxg2 40. Rh6
Rg3+ 41. Ke2 Rxh3 42. b5 Kf4 43. b6 Rh2+ 44. Kd1 Ke5 0-1

[Event "World Blitz 2025"]
[Site "Doha QAT"]
[Date "2025.12.29"]
[Round "10.112"]
[White "Chekh Adm Khedr, Aram"]
[Black "Ezat, Mohamed"]
[Result "1-0"]
[WhiteTitle "FM"]
[BlackTitle "IM"]
[WhiteElo "2139"]
[BlackElo "2294"]
[WhiteFideId "7601948"]
[BlackFideId "10600906"]
[EventDate "2025.12.29"]

1. e4 e5 2. Nf3 Nc6 3. Bc4 Be7 4. d4 exd4 5. Nxd4 Nf6 6. Nxc6 dxc6 7. Qxd8+ Bxd8
8. f3 Be7 9. Be3 a5 10. a4 b6 11. O-O Nd7 12. Nd2 Ne5 13. Be2 O-O 14. h3 c5 15.
f4 Nd7 16. e5 Ba6 17. Bxa6 Rxa6 18. Ne4 Raa8 19. Rad1 Rfd8 20. Nc3 c6 21. Ne4
Nf8 22. c3 f5 23. exf6 gxf6 24. f5 Rd5 25. c4 Re5 26. Rf4 Rd8 27. Rxd8 Bxd8 28.
Bd2 Kf7 29. Bc3 Re8 30. Nd6+ Ke7 31. Re4+ Kxd6 32. Rxe8 Be7 33. Bxf6 Bxf6 34.
Rxf8 Bxb2 35. Kf2 b5 36. cxb5 cxb5 37. axb5 c4 38. Ke2 a4 39. Kd2 a3 40. Kc2 Be5
41. Ra8 Bb2 42. f6 Bxf6 43. Rxa3 Kc5 44. Rf3 Bd4 45. Rf5+ Kb6 46. Rh5 Ba1 47.
Rxh7 Kxb5 48. Re7 Kc5 49. g4 Kd6 50. Re1 Bf6 51. Re2 Bg5 52. Rf2 Ke6 53. Kc3
Bf6+ 54. Rxf6+ Kd5 1-0